00506nam a22001697a 450000500170000001000150001702000270003203500140005903700130007308200140008610000190010024500660011926000390018527000470022430000310027150000340030220170331111655.0 aENG-117666 a9788184845129c1350.00 aEN-101198 bDABD/PUB a332.10954 aParamasivan, C aFinaacial inclusion for inclusive growth /cby C. Paramasivan aNew DelhibRegal Publicationc2016 aF-159, Rajouri Garden, bNew Delhie110027 aviii,304p.:c22cm(Hb)bill aIncludes references and index